| 000 | 00715nam a2200181 i 4500 | ||
|---|---|---|---|
| 001 | 167627 | ||
| 003 | ES-MaACL | ||
| 005 | 20250905063054.0 | ||
| 008 | 960320s1842 sp |||| |bspa d | ||
| 100 | 1 |
_aVillemain, Abel-François, _d1791-1870 _9133764 |
|
| 245 | 1 | 0 |
_aHistoria de Cromwell _b: sacada de las memorias del tiempo y de las colecciones parlamentarias / _cescrita en Frances por Villemain. |
| 260 |
_aSevilla : _bÁlvarez y Cª, _c1842. |
||
| 300 |
_a2 t. en 1 v. (314, 320 p.) ; _c17 cm. |
||
| 600 | 1 | 4 |
_aCromwell, Oliver. _941689 |
| 651 | 4 |
_aGran Bretaña- _xHistoria- _y1649-1660, Commonwealth y Protectorado. _9160090 |
|
| 852 |
_aES-MaACL _jG-1316 _z- Enc. hol. |
||
| 999 |
_c167627 _d167627 |
||